Pays sans les lettres de "JAPON" - Statistiques

Statistiques générales
  • Ce quiz a été pris 26 fois
    13 depuis la dernière actualisation
  • Le résultat moyen est 9 sur 16
Statistiques - réponses
Continents Pays % Correct
Amérique du Sud Brésil
82%
Amérique du Nord Mexique
73%
Europe Belgique
64%
Amérique du Sud Chili
64%
Europe Grèce
64%
Europe Suède
64%
Asie Turquie
64%
Europe Russie
55%
Europe Serbie
55%
Asie Syrie
55%
Amérique du Nord Belize
45%
Afrique Libye
45%
Europe Suisse
45%
Afrique Érythrée
36%
Europe Tchéquie
36%
Afrique Seychelles
27%
Aucun quiz correspondant
Distribution des résultats
% des personnes avec chaque résultat
Percentile par nombre de réponses
Votre historique - résultats
Vous n’avez pas pris ce quiz depuis la dernière actualisation